000 00596nam a2200205Ia 4500
008 191130s1957##################000#0#eng##
020 _a9780521091015
022 _a57014462
040 _aACL
_cACL
082 _a536.7 PIP
100 _aPippard, A. B
245 _aElements of classical thermodynamics for advanced students of physics
_cA. B. Pippard
260 _aCambridge
_bUniversity Press
_c1957
300 _aviii, 165 p. ill. ; 23 cm
500 _aIncludes index
650 _aThermodynamics
990 _a24c948b3ac10000c4695fee541108332
991 _a277608
999 _c158893
_d158893